000 00343 a2200145 4500
001 153855
040 _cEscola São Tomás de Aquino
100 _aAZEVEDO, Ricardo
240 1 0 _aFui pro mar colher laranja
_lpor
245 1 0 _aFui pro mar colher laranja
362 0 _a1996
440 1 _aFTD
697 _a*LITERATURA INFANTIL
942 _cBK
999 _c153855
_d153855